| 000 | 01063nam a22003137a 4500 | ||
|---|---|---|---|
| 003 | CHAP | ||
| 005 | 20220329135427.0 | ||
| 008 | 971013s1971 r 00010 d | ||
| 010 | _a36278 | ||
| 011 | _a37250 | ||
| 035 | _a41369 | ||
| 040 | _cCHAP | ||
| 082 |
_a338.13 _bO7 |
||
| 100 | 0 | 0 |
_aOrozco, Ramiro. _983718 |
| 245 | _aAnálisis de precios de algunos productos agrícolas en Colombia | ||
| 260 |
_a(s.l.) : _bInstituto Colombiano Agropecuario. Departamento de Economía Agrícola, _c1971 |
||
| 300 |
_a91 h. _b; gráfs. |
||
| 490 |
_aBoletín de investigación _v; 17 |
||
| 590 |
_aBATCH-UPD _b10 _c20130110 _lUCH01 _h2116 |
||
| 590 |
_aBATCH-UPD _b10 _c20130410 _lUCH01 _h1426 |
||
| 590 |
_aBATCH-UPD _b10 _c20130914 _lUCH01 _h0657 |
||
| 590 |
_aCONVERSION _b10 _c20130109 _lUCH01 _h1320 |
||
| 650 | 1 | 4 |
_aProductos agrícolas _xPrecios _xColombia. _992011 |
| 700 | 0 |
_aPiedrahita, S. _988003 |
|
| 830 | 0 |
_aBoletín de investigación _v; 17 _913532 |
|
| 901 | _aBK | ||
| 942 | _cLIBRO | ||
| 949 |
_a338.13 O7 _bBC _cLIBRO _d33724000366373 _eLIBRO _h38065 _i41369 _si |
||
| 999 |
_c36278 _d36278 |
||